| 000 | 00698nam a22002417a 4500 | ||
|---|---|---|---|
| 005 | 20231010084934.0 | ||
| 008 | 150505b2014 xxu||||| |||| 00| 0 spa d | ||
| 020 | _a9789871142972 | ||
| 041 | _aESP | ||
| 082 | _a306.43 Y95m3 | ||
| 100 |
_aYuni, José A. _935106 |
||
| 245 | _aMapas y herramientas para conocer la escuela: investigación etnográfica e investigación-acción | ||
| 250 | _a3 edición | ||
| 260 |
_aArgentina _bBrujas _c2014 |
||
| 300 | _a284 páginas | ||
| 650 | _aCONOCIMIENTO CIENTIFICO | ||
| 650 | _aINVESTIGACIÓN | ||
| 650 | _aACCIÓN | ||
| 650 | _aINVESTIGACIÓN ETNOGRÁFICA | ||
| 650 | _aETNOGRAFÍA EDUCATIVA | ||
| 650 | _aENTREVISTA | ||
| 942 |
_cBK _2ddc |
||
| 999 |
_c5133 _d5133 |
||